000 00603nam a22002057a 4500
003 LK-CoMWRAF
005 20231226135318.0
008 231226b1994 |||||||| |||| 00| 0 eng d
040 _aLK-CoMWRAF
_dLK-CoMWRAF
_eLK-CoMWRAF
041 _aeng
041 _afre
082 _a323.34
_bDAI
100 _aDaïffa
245 _aL'Algérie des femmes = women's Algeria :
_bdessins - drawings
260 _a[S.l.]:
_bWomen Living Under Muslim Laws,
_c1994
300 _a50 p. : ill.
650 _aWomen's rights- Algeria -Caricatures and cartoons
650 _aWit and humor -Women authors
942 _cBK
999 _c4570
_d4570